[Event "Kvika Reykjavik Open 2022"]
[Site "Reykjavik ISL"]
[Date "2022.04.11"]
[Round "8.34"]
[White "Bergsson, Stefan"]
[Black "Heimisson, Hilmir Freyr"]
[Result "0-1"]
[BlackTitle "FM"]
[WhiteElo "2109"]
[BlackElo "2321"]
[WhiteFideId "2301393"]
[BlackFideId "2309998"]
[EventDate "2022.04.06"]

1. d4 d5 2. c4 c6 3. Nf3 Nf6 4. Nc3 e6 5. e3 Nbd7 6. Bd3 dxc4 7. Bxc4 b5 8. Bd3
Bd6 9. O-O O-O 10. e4 e5 11. Bg5 Re8 12. d5 cxd5 13. Nxd5 a6 14. a4 b4 15. Rc1
Bb7 16. Bc4 h6 17. Nxf6+ Nxf6 18. Bxf6 Qxf6 19. Bd5 Bxd5 20. Qxd5 Qe7 21. Rc6
Red8 22. Rfc1 Ra7 23. b3 Rad7 24. Qc4 Bb8 25. g3 a5 26. Kg2 Ba7 27. Rc2 Bd4 28.
Qb5 Bc3 29. Qxa5 Rd3 30. Qa6 Qd7 31. Qc4 Qg4 32. Ng1 R3d4 33. Qe2 Qd7 34. Rc4
Rxc4 35. Qxc4 Qd1 36. Qc7 g6 37. Rc1 Qd3 38. Nf3 Kg7 39. Qb7 Rd6 40. h3 h5 41.
Rf1 Rf6 42. Ng5 Bd2 43. h4 Qxb3 44. Qd5 Qb2 45. a5 b3 46. Nf3 Bc3 47. Ng5 Qc2
48. a6 b2 49. a7 b1=Q 50. Nh3 Qxe4+ 0-1

[Event "Kvika Reykjavik Open 2022"]
[Site "Reykjavik ISL"]
[Date "2022.04.11"]
[Round "8.35"]
[White "Briem, Benedikt"]
[Black "Burlacu, Bogdan"]
[Result "1/2-1/2"]
[BlackTitle "FM"]
[WhiteElo "2062"]
[BlackElo "2286"]
[WhiteFideId "2315432"]
[BlackFideId "1209507"]
[EventDate "2022.04.06"]

1. d4 Nf6 2. c4 e6 3. Nf3 d5 4. g3 c6 5. Bg2 Be7 6. O-O O-O 7. Nc3 Nbd7 8. Qd3
b6 9. e4 Ba6 10. b3 Rc8 11. e5 Ne8 12. Be3 g6 13. Rfd1 Ng7 14. Rac1 Nf5 15. g4
Nxe3 16. Qxe3 f5 17. exf6 Rxf6 18. g5 Rf7 19. h4 Ba3 20. Rc2 Qf8 21. Re1 Qd6 22.
Qxe6 Qxe6 23. Rxe6 dxc4 24. Nb1 cxb3 25. axb3 Bb4 26. Rexc6 Re8 27. Nbd2 Kg7 28.
Rc7 Bd3 29. Rc1 a5 30. Nc4 Rfe7 31. Bh3 Nf8 32. Nxb6 Bd6 33. Rxe7+ Rxe7 34. Nd5
Rb7 35. Nf6 Bf4 36. Rc3 Bb5 37. h5 Bxg5 38. Nxg5 Kxf6 39. Ne4+ Kg7 40. Rc8 Bd7
41. Bxd7 Nxd7 42. Nd6 Ra7 43. hxg6 Kxg6 44. Rg8+ Kf6 45. Ne4+ Kf5 46. Ng3+ Ke6
47. Rg7 Rb7 48. Rxh7 Rxb3 49. d5+ Kd6 50. Nf5+ Ke5 51. Rxd7 Kxf5 52. Ra7 Rb5 53.
d6 Ke6 54. d7 Rd5 55. Kg2 Rxd7 56. Rxa5 Rd6 57. Kf3 Rb6 58. Kg4 Kf7 59. Rf5+ Kg6
60. Rf8 Ra6 61. Rb8 Kf6 62. f4 Kg6 63. Rh8 Kg7 64. Rh1 Rb6 65. Kg5 Rb5+ 66. Kg4
Rb6 67. Ra1 Kf6 68. Ra5 Kg6 69. Rg5+ Kf6 70. Rh5 Kf7 71. Rh7+ Kg6 72. Rh1 Ra6
73. f5+ Kf7 74. Kg5 Rb6 75. Rh7+ Kf8 76. Ra7 Rc6 77. f6 Rc1 78. Ra8+ Kf7 79.
Ra7+ Kf8 1/2-1/2

[Event "Kvika Reykjavik Open 2022"]
[Site "Reykjavik ISL"]
[Date "2022.04.11"]
[Round "8.36"]
[White "Doluhanova, Evgeniya"]
[Black "Olesen, Poul Erik Norgaard"]
[Result "1-0"]
[WhiteTitle "WGM"]
[WhiteElo "2280"]
[BlackElo "2010"]
[WhiteFideId "14112035"]
[BlackFideId "1404253"]
[EventDate "2022.04.06"]

1. e4 d6 2. d4 Nf6 3. Nd2 Nbd7 4. Ngf3 e5 5. c3 h6 6. Bc4 Be7 7. O-O c6 8. Bb3
Qc7 9. a4 a5 10. Re1 Nf8 11. dxe5 dxe5 12. Nc4 Ng6 13. Be3 Nd7 14. h4 Nxh4 15.
Nxh4 b5 16. axb5 cxb5 17. Na3 b4 18. cxb4 Bxh4 19. Nb5 Qb8 20. Nd6+ Ke7 21. Nf5+ 1-0

[Event "Kvika Reykjavik Open 2022"]
[Site "Reykjavik ISL"]
[Date "2022.04.11"]
[Round "8.37"]
[White "Briem, Stephan"]
[Black "Mahitosh, Dey"]
[Result "1/2-1/2"]
[BlackTitle "FM"]
[WhiteElo "2048"]
[BlackElo "2233"]
[WhiteFideId "2312506"]
[BlackFideId "25091468"]
[EventDate "2022.04.06"]

1. d4 d5 2. c4 e6 3. Nf3 Nf6 4. e3 Be7 5. b3 O-O 6. Bb2 Ne4 7. Nbd2 f5 8. Be2
Nd7 9. Qc1 Bb4 10. O-O c6 11. Ba3 Qe7 12. Bxb4 Qxb4 13. a3 Qe7 14. Ne1 b6 15.
cxd5 cxd5 16. Nxe4 fxe4 17. f3 Nf6 18. fxe4 dxe4 19. g3 Bb7 20. Ng2 e5 21. Qb2
exd4 22. Qxd4 Rfd8 23. Qb2 Bd5 24. Rad1 Bf7 25. b4 Rxd1 26. Rxd1 Rd8 27. Nf4 g5
28. Rxd8+ Qxd8 29. Nh3 h6 30. Nf2 Qd6 31. Ng4 Nxg4 32. Bxg4 Qd3 33. Kf2 Bc4 1/2-1/2

[Event "Kvika Reykjavik Open 2022"]
[Site "Reykjavik ISL"]
[Date "2022.04.11"]
[Round "8.38"]
[White "Collins, Adam"]
[Black "Villiers, Thomas"]
[Result "0-1"]
[BlackTitle "CM"]
[WhiteElo "2039"]
[BlackElo "2219"]
[WhiteFideId "2512300"]
[BlackFideId "427209"]
[EventDate "2022.04.06"]

1. e4 c5 2. c3 d5 3. exd5 Qxd5 4. d4 Nc6 5. Nf3 Bg4 6. Be2 e6 7. h3 Bf5 8. O-O
Nf6 9. Be3 cxd4 10. cxd4 Be7 11. Nc3 Qd6 12. Qb3 O-O 13. a3 Rfd8 14. Rfd1 h6 15.
Rac1 a6 16. Na4 b5 17. Nc5 Rdc8 18. a4 Nd5 19. Bd2 Bf6 20. axb5 axb5 21. Qxb5
Nxd4 22. Nxd4 Bxd4 23. Nd3 Qg3 24. Kf1 Qh2 25. Bf3 Rcb8 26. Qc4 Ra4 27. b4 Ra3
28. Ne1 Bb2 29. Bxd5 exd5 30. Qf4 Qh1+ 31. Ke2 Re8+ 32. Be3 Bxc1 33. Rxc1 Ra2+
34. Kf3 Be4+ 35. Kg3 Re6 36. Rc8+ Kh7 37. Qxf7 Raa6 38. Bd4 Rf6 39. Bxf6 Rxf6 0-1

[Event "Kvika Reykjavik Open 2022"]
[Site "Reykjavik ISL"]
[Date "2022.04.11"]
[Round "8.39"]
[White "Jaksland, Tim"]
[Black "Murphy, Ryan"]
[Result "1/2-1/2"]
[WhiteTitle "FM"]
[WhiteElo "2203"]
[BlackElo "2051"]
[WhiteFideId "1401084"]
[BlackFideId "2082438"]
[EventDate "2022.04.06"]

1. e4 c6 2. d4 d5 3. exd5 cxd5 4. Bd3 Nc6 5. c3 Nf6 6. Bf4 Bg4 7. Qb3 Qd7 8. Nd2
e6 9. Ngf3 Bd6 10. Bxd6 Qxd6 11. O-O O-O 12. Rae1 Ne7 13. Ne5 Bf5 14. Bxf5 Nxf5
15. g4 Nh4 16. Qd1 b5 17. Nd3 a5 18. a3 Rfc8 19. f4 Ng6 20. Qf3 Rab8 21. g5 Ne4
22. Nxe4 dxe4 23. Qxe4 Ne7 24. Re2 Nf5 25. Qe5 Qc6 26. Qe4 Qd6 27. Rd1 Qd8 28.
Qf3 b4 29. axb4 axb4 30. Ne5 bxc3 31. bxc3 Qc7 32. Rd3 Qa7 33. Red2 Rb1+ 34. Rd1
Qa1 35. Rxb1 Qxb1+ 36. Qf1 1/2-1/2

[Event "Kvika Reykjavik Open 2022"]
[Site "Reykjavik ISL"]
[Date "2022.04.11"]
[Round "8.40"]
[White "Lohia, Sohum"]
[Black "Thorsteinsdottir, Hallgerdur"]
[Result "1-0"]
[WhiteTitle "CM"]
[BlackTitle "WFM"]
[WhiteElo "2196"]
[BlackElo "1981"]
[WhiteFideId "5819369"]
[BlackFideId "2302454"]
[EventDate "2022.04.06"]

1. e4 c6 2. d4 d5 3. e5 c5 4. Nf3 Nc6 5. dxc5 e6 6. a3 Bxc5 7. b4 Bb6 8. Bb2
Nge7 9. Bd3 Ng6 10. g3 O-O 11. O-O Bd7 12. h4 Qc7 13. Qe2 f6 14. Bxg6 hxg6 15.
c4 dxc4 16. Nbd2 a5 17. Nxc4 axb4 18. Nxb6 Qxb6 19. exf6 gxf6 20. axb4 Rxa1 21.
Rxa1 Nxb4 22. Qe4 Kf7 23. h5 Rg8 24. Qf4 Nd5 25. Ng5+ Ke7 26. Ba3+ Ke8 27. Qb8+
Qd8 28. Qxd8+ Kxd8 29. Nf7+ Ke8 30. Nd6+ Kd8 31. h6 Be8 32. Rc1 Nc7 33. Nxb7+
Kd7 34. Nc5+ Kd8 35. Nb7+ Kd7 36. Nc5+ Kd8 37. Rd1+ Kc8 38. Bb2 e5 39. Rd6 Rf8
40. h7 Rh8 41. Rxf6 Rxh7 42. Bxe5 Kd8 43. Bxc7+ Kxc7 44. Ne6+ Kc8 45. Ng5 Re7
46. Kg2 Kd7 47. Kf3 Rg7 48. Kf4 Re7 49. Ra6 Re2 50. f3 Ke7 51. Ra7+ Kf6 52. Nh7+
Ke6 53. Ng5+ Kf6 54. g4 Rb2 55. Ne4+ Ke6 56. Nc5+ Kd6 57. Ne4+ Ke6 58. Ra6+ Ke7
59. Kg5 Rb3 60. Kf4 Rb4 61. Kg5 Rb3 62. Ra7+ Kf8 63. Kf4 Rb4 64. Rc7 Ra4 65. Rc5
Kg7 66. Kg5 Ra3 67. f4 Rb3 68. Nd6 Ba4 69. Rc7+ Kf8 70. Kxg6 Rb6 71. Rf7+ Kg8
72. Rf6 Bd1 73. g5 Bc2+ 74. f5 Ra6 75. Re6 Ba4 76. f6 Ra8 77. f7+ Kf8 78. Re8+ 1-0

[Event "Kvika Reykjavik Open 2022"]
[Site "Reykjavik ISL"]
[Date "2022.04.11"]
[Round "8.41"]
[White "Balzer, Lars"]
[Black "Player, Edmund C"]
[Result "0-1"]
[WhiteElo "2015"]
[BlackElo "2196"]
[WhiteFideId "4646452"]
[BlackFideId "406520"]
[EventDate "2022.04.06"]

1. e4 e6 2. d4 d5 3. e5 c5 4. c3 Nc6 5. Be3 Qb6 6. Qd2 Bd7 7. Nf3 cxd4 8. cxd4
Nge7 9. Bd3 Na5 10. Nc3 Rc8 11. O-O Nc4 12. Bxc4 Rxc4 13. Rac1 Nf5 14. a3 h5 15.
Kh1 Be7 16. Ne2 Bb5 17. Rxc4 Bxc4 18. Re1 Bxe2 19. Qxe2 Kd7 20. Rc1 Rc8 21. Rxc8
Kxc8 22. h3 Kd7 23. g4 Nxe3 24. fxe3 hxg4 25. hxg4 Qb3 26. Kg2 a6 27. Kf2 Bd8
28. Kg3 Be7 29. Kf2 Ke8 30. Kg3 Bf8 31. Ng5 Be7 32. Nf3 a5 33. Kf2 f6 34. Kg2
Bd8 35. Kf2 Bc7 36. exf6 gxf6 37. g5 fxg5 38. Nxg5 Kd7 39. Kg2 Ke7 40. Kh3 Bf4
41. Qh5 Qxe3+ 42. Nf3 Qf2 0-1

[Event "Kvika Reykjavik Open 2022"]
[Site "Reykjavik ISL"]
[Date "2022.04.11"]
[Round "8.42"]
[White "Popvasilev, Kaloyan"]
[Black "Kristinsson, Ogmundur"]
[Result "1-0"]
[WhiteElo "2191"]
[BlackElo "1969"]
[WhiteFideId "2919281"]
[BlackFideId "2304724"]
[EventDate "2022.04.06"]

1. e4 e5 2. Nf3 Nc6 3. Nc3 d6 4. d4 Bg4 5. Bb5 exd4 6. Qxd4 a6 7. Bxc6+ bxc6 8.
Bg5 f6 9. Be3 g6 10. Qc4 Qd7 11. O-O-O Be6 12. Qa4 Ne7 13. e5 Bg7 14. exd6 cxd6
15. Rhe1 O-O 16. Bf4 d5 17. Ne4 Bf7 18. Nc5 Qa7 19. Bd6 Rfe8 20. Rxe7 Rxe7 21.
Bxe7 Qxe7 22. Qxc6 Rd8 23. Re1 Qa7 24. Kb1 Rb8 25. Nd3 Rb6 26. Qc8+ Bf8 27. Qc3
a5 28. Nd4 a4 29. a3 Qb8 30. h4 Bg7 31. Nc6 Qa8 32. Ncb4 h5 33. g3 Qd8 34. Qc5
Re6 35. Rxe6 Bxe6 36. Nc6 Qd7 37. Nd4 Bf7 38. Qb5 Qg4 39. Qxa4 f5 40. c3 Qe4 41.
Kc2 g5 42. hxg5 f4 43. Kd2 f3 44. Qd1 Bxd4 45. cxd4 Bg6 46. Kc3 Qg4 47. Qd2 Qc8+
48. Nc5 Qf5 49. a4 Qb1 50. b3 Qa1+ 51. Kb4 Qf1 52. a5 Qe2 53. Kc3 Qb5 54. Kb2
Qe2 55. Kc3 Qb5 56. b4 Qc4+ 57. Kb2 Qe2 58. Nb3 Qe4 59. Ka3 Be8 60. Nc5 Qb1 61.
Qb2 Qg6 62. Qc3 Qxg5 63. a6 Qg7 64. Qe3 Bb5 65. Qe6+ Kh7 66. Qf5+ Kh6 67. Qe6+
Kh7 68. Qxd5 Qh6 69. Qf5+ Kh8 70. Qe5+ Kh7 71. Qc7+ Kh8 72. Qb8+ Kh7 73. Qb7+
Kh8 74. Qxb5 Qc1+ 75. Kb3 Qb1+ 76. Kc4 Qa2+ 77. Nb3 Qxf2 78. Qxh5+ Kg8 79. Qg6+
Kf8 80. a7 Qe2+ 81. Kc5 Qe7+ 82. Qd6 1-0

[Event "Kvika Reykjavik Open 2022"]
[Site "Reykjavik ISL"]
[Date "2022.04.11"]
[Round "8.43"]
[White "Coursaget, Nicolas"]
[Black "Khoury, Theo"]
[Result "1-0"]
[WhiteTitle "FM"]
[WhiteElo "2180"]
[BlackElo "1949"]
[WhiteFideId "610127"]
[BlackFideId "480703"]
[EventDate "2022.04.06"]

1. d4 Nf6 2. Nf3 e6 3. c4 c5 4. d5 exd5 5. cxd5 d6 6. Nc3 g6 7. e4 a6 8. a4 Bg4
9. Qb3 Bxf3 10. Qxb7 Nbd7 11. gxf3 Bg7 12. Qc6 O-O 13. Qxd6 Re8 14. a5 Nh5 15.
Be2 Be5 16. Qc6 f5 17. Rg1 Bxh2 18. Rg2 Bf4 19. Rxg6+ hxg6 20. Qxg6+ Ng7 21.
Bxf4 Qh4 22. Qg3 Qh1+ 23. Bf1 fxe4 24. fxe4 Nf6 25. Qg2 Qh5 26. Be2 Qf7 27. Bg3
Nfh5 28. Bxh5 Qxh5 29. Kf1 Ra7 30. Re1 Rb7 31. Re2 Qh6 32. Qh2 Qc1+ 33. Kg2 Rxb2
34. Rxb2 Qxb2 35. Be5 Qb7 36. d6 Qd7 37. Qg3 Re6 38. Qxg7+ Qxg7+ 39. Bxg7 Kxg7
40. e5 Kf7 41. f4 Rg6+ 42. Kf3 Ke6 43. Ke4 Rg4 44. Nd5 c4 45. Ne3 Rg3 46. f5+
Kd7 47. Nxc4 Rc3 48. Nb6+ Kc6 49. d7 1-0

[Event "Kvika Reykjavik Open 2022"]
[Site "Reykjavik ISL"]
[Date "2022.04.11"]
[Round "8.44"]
[White "Anand, Vignesh"]
[Black "Decosse, Jean-Fabien"]
[Result "1-0"]
[BlackTitle "CM"]
[WhiteElo "1829"]
[BlackElo "2160"]
[WhiteFideId "30916348"]
[BlackFideId "622583"]
[EventDate "2022.04.06"]

1. e4 d6 2. d4 Nf6 3. Nc3 e5 4. Nf3 Nbd7 5. Bc4 Be7 6. O-O O-O 7. a4 a6 8. Re1
c6 9. Bf1 b6 10. h3 Bb7 11. b3 Qc7 12. Bb2 Rfe8 13. Qd2 Bf8 14. Bd3 g6 15. dxe5
dxe5 16. Rad1 b5 17. Qc1 Nh5 18. Qa1 f6 19. Ne2 Ng7 20. Nh2 Ne6 21. Ng4 Bg7 22.
f4 Rad8 23. Rf1 Rf8 24. g3 Bc8 25. Rf2 h5 26. Nh2 Ndc5 27. Ba3 Rfe8 28. Kg2 Nxd3
29. cxd3 bxa4 30. bxa4 Qa5 31. Qa2 Kh7 32. f5 Qxa4 33. Ra1 Rxd3 34. fxe6 Bxe6
35. Qb2 Rb3 36. Qc2 Rxg3+ 37. Nxg3 1-0

[Event "Kvika Reykjavik Open 2022"]
[Site "Reykjavik ISL"]
[Date "2022.04.11"]
[Round "8.45"]
[White "Tirziman, Rudolf"]
[Black "Garbuz, Vitaliy"]
[Result "0-1"]
[WhiteElo "1963"]
[BlackElo "2142"]
[WhiteFideId "2508664"]
[BlackFideId "12990710"]
[EventDate "2022.04.06"]

1. d4 Nf6 2. c4 e5 3. dxe5 Ng4 4. e3 Nxe5 5. Nc3 Bc5 6. Nf3 Nbc6 7. Be2 O-O 8.
a3 a5 9. h4 Nxf3+ 10. Bxf3 Ne5 11. Be2 d6 12. b3 c6 13. Bb2 f5 14. g3 Qe7 15.
Qd2 f4 16. gxf4 Rxf4 17. Na4 Ba7 18. Rd1 Rxh4 19. Rxh4 Qxh4 20. Bxe5 Qh1+ 21.
Bf1 Bh3 22. Qe2 dxe5 23. c5 h5 24. Rd6 Rf8 25. b4 axb4 26. axb4 Bxf1 27. Qxf1
Qe4 0-1

[Event "Kvika Reykjavik Open 2022"]
[Site "Reykjavik ISL"]
[Date "2022.04.11"]
[Round "8.46"]
[White "Zheng, Harry Z"]
[Black "Kull, Florian"]
[Result "0-1"]
[WhiteElo "1873"]
[BlackElo "2138"]
[WhiteFideId "460982"]
[BlackFideId "4637097"]
[EventDate "2022.04.06"]

1. e4 e6 2. d4 d5 3. Nd2 h6 4. Ngf3 Nf6 5. e5 Nfd7 6. Bd3 c5 7. c3 Nc6 8. O-O g5
9. dxc5 Bxc5 10. Nb3 Bf8 11. Bb5 Bg7 12. Re1 O-O 13. Bxc6 bxc6 14. Qd4 f6 15.
Qg4 Nxe5 16. Nxe5 fxe5 17. Be3 Qf6 18. f3 Qf5 19. Qg3 Kh7 20. Rad1 a5 21. Bc5
Rd8 22. Bb6 Rd7 23. Nc5 Rf7 24. Nd3 Rb7 25. Be3 d4 26. Bc1 dxc3 27. bxc3 Rd7 28.
Nb2 Qc2 29. Rxd7 Bxd7 30. Nc4 Qxc3 31. Nxe5 Be8 32. f4 Bxe5 33. fxe5 Qxg3 34.
hxg3 Rd8 35. Kf2 c5 36. Re3 c4 37. Bb2 a4 38. a3 Bg6 39. Bc3 Bd3 40. Bb4 g4 41.
Re1 Rd5 42. Bc3 Kg6 43. Re3 Rb5 44. Bb4 Kf5 45. Re1 Rxe5 46. Rxe5+ Kxe5 47. Ke3
Be4 48. Bc3+ Kd5 49. Kf4 h5 50. Bb2 Bxg2 51. Bf6 Bf3 52. Bc3 Be2 53. Ke3 Bd1 54.
Kf4 h4 55. gxh4 g3 56. Kxg3 Ke4 57. Kf2 Kd3 58. Bf6 c3 59. Ke1 Bh5 60. Bg7 c2
61. Bb2 e5 62. Bc1 e4 63. Kf2 Bf3 64. Be3 Kc3 65. Bc1 Kb3 66. Ke3 Ka2 67. h5
Bxh5 68. Kxe4 Kb1 69. Bd2 c1=Q 70. Bxc1 Kxc1 71. Kd3 Kb2 72. Kd2 Kxa3 73. Kc1
Bg6 74. Kd2 Kb2 75. Ke3 a3 76. Ke2 a2 77. Kd2 a1=Q 78. Ke2 Qa3 79. Ke1 Qf3 0-1

[Event "Kvika Reykjavik Open 2022"]
[Site "Reykjavik ISL"]
[Date "2022.04.11"]
[Round "8.47"]
[White "Dishman, Stephen"]
[Black "Unhjem, Bjorn Robert Lovoll"]
[Result "1-0"]
[WhiteElo "2339"]
[BlackElo "1939"]
[WhiteFideId "403024"]
[BlackFideId "1525948"]
[EventDate "2022.04.06"]

1. Nf3 Nf6 2. c4 g6 3. b3 Bg7 4. Bb2 d6 5. d4 O-O 6. g3 c6 7. Bg2 Qa5+ 8. Nc3
Ne4 9. Rc1 Bh6 10. e3 Nxc3 11. Bxc3 Qh5 12. h3 Qf5 13. d5 c5 14. O-O Qd7 15. Qd3
Bg7 16. Bxg7 Kxg7 17. e4 Qc7 18. Rfe1 f6 19. Rcd1 a5 20. a4 Ra6 21. Nd2 e5 22.
dxe6 Nc6 23. Nb1 Rb6 24. Na3 Ne5 25. Qc3 Rb4 26. Nb5 Qe7 27. f4 Nc6 28. f5 Rd8
29. Rd2 b6 30. Red1 Ba6 31. Rxd6 Rxd6 32. Rxd6 Ne5 33. Rxb6 Bxb5 34. Rxb5 Qd6
35. Rxb4 cxb4 36. Qe3 g5 37. Bf1 g4 38. Be2 Nf3+ 39. Kf2 Nd4 40. hxg4 Nc2 41. e5
Qb8 42. exf6+ Kxf6 43. Qh6+ Ke7 44. Qg7+ Kd6 45. Qd7+ Ke5 46. Qd5+ Kf6 47. g5+
Kg7 48. f6+ Kh8 49. e7 1-0

[Event "Kvika Reykjavik Open 2022"]
[Site "Reykjavik ISL"]
[Date "2022.04.11"]
[Round "8.48"]
[White "Brunello, Marina"]
[Black "Johannsdottir, Johanna Bjorg"]
[Result "1-0"]
[WhiteTitle "IM"]
[WhiteElo "2337"]
[BlackElo "1973"]
[WhiteFideId "822590"]
[BlackFideId "2303108"]
[EventDate "2022.04.06"]

1. e4 g6 2. d4 Bg7 3. Nf3 d6 4. Nc3 a6 5. Be3 b5 6. Bd3 Bb7 7. e5 dxe5 8. dxe5
e6 9. Bg5 Ne7 10. Ne4 O-O 11. Nf6+ Kh8 12. h4 Nd7 13. h5 Bxf3 14. hxg6 Nxf6 15.
exf6 Bxd1 16. Rxh7+ Kg8 17. Rxg7+ Kh8 18. Rh7+ Kg8 19. g7 Ng6 20. Bxg6 fxg6 21.
Rh8+ Kf7 22. Rxf8+ Qxf8 23. gxf8=Q+ Rxf8 24. Rxd1 e5 25. Bh6 Rh8 26. Bg7 Rh2 27.
Rd7+ Kg8 28. Rxc7 Rxg2 29. Bh6 1-0

[Event "Kvika Reykjavik Open 2022"]
[Site "Reykjavik ISL"]
[Date "2022.04.11"]
[Round "8.49"]
[White "Lim, Zhuo Ren"]
[Black "Sigamoney, Cyril S"]
[Result "1-0"]
[WhiteTitle "FM"]
[WhiteElo "2317"]
[BlackElo "1960"]
[WhiteFideId "5702488"]
[BlackFideId "2055287"]
[EventDate "2022.04.06"]

1. d4 d5 2. Nf3 Nf6 3. c4 c6 4. g3 Bf5 5. Nc3 e6 6. Nh4 Be4 7. f3 Bg6 8. Qb3 Qb6
9. Nxg6 hxg6 10. c5 Qxb3 11. axb3 Na6 12. Ra4 Nc7 13. Bf4 Kd7 14. b4 Be7 15. e3
a6 16. Kf2 Nb5 17. g4 g5 18. Bg3 Rae8 19. Nxb5 cxb5 20. Ra3 Rc8 21. Bg2 Rc6 22.
h3 Bd8 23. e4 Bc7 24. e5 Ng8 25. h4 gxh4 26. Rxh4 Rxh4 27. Bxh4 g6 28. f4 Ne7
29. Rh3 a5 30. Bf1 1-0

[Event "Kvika Reykjavik Open 2022"]
[Site "Reykjavik ISL"]
[Date "2022.04.11"]
[Round "8.50"]
[White "Bartelt, Max Peter"]
[Black "Thorhallsson, Simon"]
[Result "0-1"]
[BlackTitle "FM"]
[WhiteElo "1949"]
[BlackElo "2252"]
[WhiteFideId "12967289"]
[BlackFideId "2310090"]
[EventDate "2022.04.06"]

1. d4 d6 2. Nf3 g6 3. g3 Nf6 4. Bg2 Bg7 5. O-O O-O 6. c4 c5 7. b3 Nc6 8. Bb2
cxd4 9. Nxd4 Bd7 10. Nc3 a6 11. Nd5 Nxd5 12. cxd5 Nxd4 13. Bxd4 Bxd4 14. Qxd4
Qa5 15. a4 Rfc8 16. Qe3 Qd8 17. Rfc1 Rxc1+ 18. Rxc1 Rc8 19. Rd1 b5 20. a5 Qxa5
21. Qxe7 Qc7 22. h4 h5 23. Qf6 a5 24. Be4 Be8 25. Rd3 Qd8 26. Qf4 Kg7 27. Rf3
Qe7 28. Bd3 Qe5 29. Qd2 Qa1+ 30. Kg2 Bd7 31. Rf4 Qc3 32. Qe3 Qe5 33. Qa7 Qxd5+
34. Be4 Qe6 35. Qxa5 Qh3+ 36. Kf3 Qh1+ 37. Ke3 Qc1+ 38. Qd2 Rc3+ 39. Bd3 Qa1 40.
b4 Bg4 41. f3 Qg1+ 42. Ke4 Bf5+ 43. Rxf5 gxf5+ 44. Kxf5 Rc5+ 45. Kf4 Qd4+ 46. e4
Rf5+ 47. Kxf5 Qe5# 0-1

[Event "Kvika Reykjavik Open 2022"]
[Site "Reykjavik ISL"]
[Date "2022.04.11"]
[Round "8.51"]
[White "Chapman, Terry P D"]
[Black "Arvidsson, Jonas"]
[Result "1/2-1/2"]
[WhiteTitle "FM"]
[WhiteElo "2240"]
[BlackElo "1942"]
[WhiteFideId "413399"]
[BlackFideId "1717839"]
[EventDate "2022.04.06"]

1. Nf3 d5 2. g3 Nf6 3. Bg2 c5 4. O-O Nc6 5. d4 e6 6. c4 cxd4 7. Nxd4 Bc5 8. Nb3
Bb6 9. cxd5 Nxd5 10. a3 O-O 11. Qc2 Bd7 12. Bd2 Rc8 13. Nc3 Nce7 14. a4 a6 15.
a5 Ba7 16. Qd3 Nxc3 17. Bxc3 Bc6 18. Rfd1 Qxd3 19. Rxd3 Bxg2 20. Kxg2 Nd5 21.
Rc1 Rc6 22. e4 Nf6 23. Bxf6 Rxc1 24. Nxc1 gxf6 25. Rd7 Rb8 26. b4 e5 27. Nb3 Kf8
28. Kf3 Rc8 29. Rxb7 Rc3+ 30. Ke2 Rxb3 31. Rxa7 Rxb4 32. Kf3 Kg7 33. Rxa6 Ra4
34. Ra8 Ra2 35. a6 Ra4 36. h3 Ra2 37. Ke3 h6 38. Kf3 Ra4 39. Ke3 Ra2 40. h4 Ra3+
41. Kd2 Ra2+ 42. Kc3 Rxf2 43. Rc8 Ra2 44. Rc6 h5 45. Kc4 Ra3 46. Kb5 f5 47. exf5
e4 48. Kb4 Ra1 49. Kc4 Ra4+ 50. Kc3 Ra3+ 51. Kd2 Rxg3 52. Rc4 1/2-1/2

[Event "Kvika Reykjavik Open 2022"]
[Site "Reykjavik ISL"]
[Date "2022.04.11"]
[Round "8.52"]
[White "Johansson, Carl Fredrik"]
[Black "Schultze, Joerg-Martin"]
[Result "0-1"]
[WhiteTitle "CM"]
[WhiteElo "2221"]
[BlackElo "1932"]
[WhiteFideId "1701576"]
[BlackFideId "12972070"]
[EventDate "2022.04.06"]

1. d4 d5 2. c4 e6 3. Nc3 Nf6 4. Bg5 Be7 5. e3 Nbd7 6. Nf3 h6 7. Bh4 O-O 8. Rc1
c5 9. cxd5 Nxd5 10. Bxe7 Nxe7 11. Be2 cxd4 12. exd4 Nf6 13. O-O Bd7 14. Qd2 Bc6
15. Rfd1 Bxf3 16. Bxf3 Ned5 17. Qe2 Qd7 18. Qe5 Rfd8 19. Be2 a6 20. Rd3 Rac8 21.
Rcd1 Qe7 22. Rg3 Nxc3 23. bxc3 b5 24. a4 Kf8 25. axb5 axb5 26. Rb1 Rd5 27. Qe3
e5 28. Bf3 e4 29. Bd1 Qa3 30. Qe1 Qa5 31. Re3 Rdd8 32. Bb3 Qc7 33. Rd1 Ng4 34.
Rg3 Nf6 35. Qe2 h5 36. h3 Ra8 37. Qe3 h4 38. Rg5 b4 39. c4 Ra3 40. Rb1 Qd6 41.
Rb5 Qxd4 42. Qxd4 Rxd4 43. Rxb4 Ra7 44. Ba4 Nd7 45. Bc6 Rc7 46. Bb5 Nc5 47. R4b2
Ke7 48. Re2 Kf6 49. f3 Re7 50. fxe4 Rexe4 51. Rf2+ Rf4 52. Rbf1 Ke5 53. Rxf4
Rxf4 54. Rxf4 Kxf4 55. Kf2 f6 56. Bc6 g5 57. Ke2 f5 58. Kd2 g4 59. hxg4 fxg4 60.
Kc3 Ke3 61. Kb4 Ne4 0-1

[Event "Kvika Reykjavik Open 2022"]
[Site "Reykjavik ISL"]
[Date "2022.04.11"]
[Round "8.53"]
[White "Ptacnikova, Lenka"]
[Black "Hartmann, Wolfgang"]
[Result "0-1"]
[WhiteTitle "WGM"]
[WhiteElo "2186"]
[BlackElo "1927"]
[WhiteFideId "305650"]
[BlackFideId "12977373"]
[EventDate "2022.04.06"]

1. c4 Nf6 2. Nc3 e6 3. e4 d5 4. e5 d4 5. exf6 dxc3 6. bxc3 Qxf6 7. Nf3 c5 8. Bd3
Bd7 9. Be4 Bc6 10. Qe2 Bxe4 11. Qxe4 Nc6 12. O-O Qg6 13. Qf4 Qf6 14. Qc7 Qe7 15.
Qg3 Qd6 16. Qg4 h5 17. Qe4 O-O-O 18. d4 cxd4 19. Bf4 f5 20. Bxd6 fxe4 21. Bxf8
exf3 22. Bxg7 Rhg8 23. Bf6 Rxg2+ 24. Kh1 Rd7 25. cxd4 Nxd4 26. Rad1 Nf5 27. Rxd7
Kxd7 28. Be5 h4 29. h3 Kc6 30. Bb8 b6 31. a4 Nd6 32. Bxa7 Kb7 33. c5 Ne4 34.
Bxb6 Kc6 35. a5 Nxf2+ 36. Rxf2 Rxf2 37. a6 Ra2 0-1

[Event "Kvika Reykjavik Open 2022"]
[Site "Reykjavik ISL"]
[Date "2022.04.11"]
[Round "8.54"]
[White "Louis, Thibault"]
[Black "Ragnarsson, Johann"]
[Result "1/2-1/2"]
[WhiteTitle "FM"]
[WhiteElo "2181"]
[BlackElo "1913"]
[WhiteFideId "681369"]
[BlackFideId "2301040"]
[EventDate "2022.04.06"]

1. e4 c6 2. Nf3 d5 3. d3 dxe4 4. dxe4 Qxd1+ 5. Kxd1 Bg4 6. h3 Bxf3+ 7. gxf3 Nd7
8. f4 O-O-O 9. Ke2 Ngf6 10. Bg2 e6 11. c4 Nc5 12. e5 Ng8 13. Nc3 Nd3 14. Rd1
Nxc1+ 15. Raxc1 Rxd1 16. Rxd1 Ne7 17. Be4 f5 18. Bh1 Ng6 19. Kf3 Be7 20. a3 a5
21. Na4 Nf8 22. Nb6+ Kc7 23. Na8+ Kb8 24. Nb6 Ng6 25. Na4 Kc7 26. c5 Rd8 27.
Rxd8 Bxd8 28. Ke3 Be7 29. b4 axb4 30. axb4 Nf8 31. Nb2 Nd7 32. Nd3 b6 33. Kd4
bxc5+ 34. bxc5 Nb8 1/2-1/2